LEADER 01881nam a2200337 u 4500 001 000000002534 003 CaOOAMICUS 005 20070226104436.0 008 941010s1978 quc u000 u fre u 020 $a088840655X 035 $a10063256 040 $aPUL(R)$bita 100 1 $aOckham, William,$cO.F.M.,$dc. 1285-c. 1349.$0(OLS)http://pul/name/2716 245 10$aCommentaire sur le livre des prédicables de Porphyre précédé du proême du commentaire sur les livres de l'art logique /$cGuillaume D'Occam ; introduction de Louis Valcke ; traduction française de Roland Galibois. 260 $aSherbrooke :$bCentre d'études de la Renaissance, Université de Sherbrooke,$cc1978. 300 $a212 p. ;$c26 cm 490 1 $aPublications du Centre d'études de la Renaissance ;$v7 600 14$aOckham, William,$dc. 1285-c. 1349.$0(OLS)http://pul/subject/2266 600 04$aPorphyrius Tyrius,$d232/233-305?$tIn categorias comentarius$xCommenti.$0(OLS)http://pul/subject/2267 650 4$aLogica.$0(OLS)http://pul/subject/441 650 4$aUniversali (teoria degli).$0(OLS)http://pul/subject/2268 700 1 $aGalibois, Roland.$0(OLS)http://pul/name/2718 700 1 $aValcke, Louis.$0(OLS)http://pul/name/2717 830 0$aPublications du Centre d'études de la Renaissance ;$v7.$0(OLS)http://pul/title/3740 850 $aPUL 852 $aPUL$W1$xSL Filosofia 1$y2$m97 E 28$j3370$nBK-PRI$b $qStampati$B3370$CPULBib$Z2$F3370 $H $81 941 1 $a8 961 $aINV: 47430 996 $6020$a088840655X$9(OLS)http://pul/number/3380 996 $6245$aCommentaire sur le livre des prédicables de Porphyre précédé du proême du commentaire sur les livres de l'art logique$9(OLS)http://pul/title/3739 996 $6260$aSherbrooke :$bCentre d'études de la Renaissance, Université de Sherbrooke$9(OLS)http://pul/publisher/49378 LEADER 01079nam a2200253 a 4500 001 000000121336 003 CaOOAMICUS 005 20100421141523.0 008 100421s1983 it u000 u ita r 040 $aPUL$bita$dMCT 100 1 $aFabro, Cornelio,$cc.p.s.,$d1911-1995.$0(OLS)http://pul/name/634 245 10$aMomenti dello spirito /$cp. Cornelio Fabro. 260 $aAssisi :$bEdizioni Sala Francescana di Cultura "P. Antonio Giorgi",$c1983. 300 $av. ;$c24 cm. 490 1 $aRepara domum meam 504 $aBibliografia in nota. 505 1 $av. 2. Tappe dell'anima, spirito e mistero. 650 4$aSpiritualità.$0(OLS)http://pul/subject/843 830 0$aRepara domum meam.$0(OLS)http://pul/title/1328 850 $aPUL 852 $aPUL$W1$xDP1 Filosofia 1$y19$m587 L 8$j139135$av. 2$qStampati$B138368$CPULBib$Z2$F138368 $H58911 $82 941 1 $a8 996 $6245$aMomenti dello spirito$9(OLS)http://pul/title/152650 996 $6260$aAssisi :$bEdizioni Sala Francescana di Cultura "P. Antonio Giorgi"$9(OLS)http://pul/publisher/48411